Movies Quiz

Random Movies or Quote Quiz

LOTR: Sméagol-Gollum 'Monologue' - Movie Version Quiz Stats

 Plays Quiz Updated Oct 30, 2017

Challenge
Share
Tweet
Embed
Score 0/164 Timer 10:00
0 Plays Today
% Correct
'GOLLUM':
96.3%
'SMÉAGOL':
96.2%
'GOLLUM':
96.2%
'SMÉAGOL':
96.2%
'GOLLUM':
96.2%
'SMÉAGOL':
96.2%
'GOLLUM':
96.2%
'SMÉAGOL':
96.2%
'GOLLUM':
96.2%
'SMÉAGOL':
96.2%
'GOLLUM':
96.2%
'SMÉAGOL':
96.2%
'GOLLUM':
96.2%
'SMÉAGOL':
96.2%
'GOLLUM':
96.2%
'SMÉAGOL':
96.2%
'GOLLUM':
96.2%
'SMÉAGOL':
96.2%
'GOLLUM':
96.2%
'SMÉAGOL':
96.2%
'GOLLUM':
96.2%
'SMÉAGOL':
96.2%
Sméagol
96.2%
Go
95.2%
Go
95.2%
(laughs)
95.2%
(growls)
95.2%
(silence)
95.2%
go
95.2%
I
91.5%
I
91.5%
I
91.5%
precious.
91%
precious.
91%
precious.
91%
the
88.3%
a
87.5%
a
87.5%
We
83.6%
We
83.6%
We
83.6%
We
83.6%
We
83.6%
it.
83.4%
it.
83.4%
it
83.4%
It
83.4%
No!
80.6%
No!
80.6%
No!
80.6%
you,
78.3%
you,
78.3%
You
78.3%
you.
78.3%
you.
78.3%
% Correct
you!
78.3%
you
78.3%
you
78.3%
you.
78.3%
my
77.4%
he
77%
to
75.9%
us.
75.5%
us.
75.5%
us
75.5%
and
74.5%
and
74.5%
and
74.5%
AND
74.5%
And
74.5%
is
73.2%
need
72.7%
away.
71.2%
away!
71.2%
away.
71.2%
away
71.2%
have
70.6%
have
70.6%
me?
70%
me.
70%
me!
70%
They
69.1%
They
69.1%
don't
67.6%
don't
67.6%
Master.
67.4%
Master
67.4%
Not
66.8%
Not
66.8%
not
66.8%
Not
66.8%
wants
66.8%
back.
64.2%
back!
64.2%
BACK!
64.2%
from
64%
needs
63.9%
never
63.9%
never
63.9%
NEVER
63.9%
now.
63.9%
now
63.9%
now
63.9%
NOW
63.9%
hate
63.7%
hate
63.7%
come
63.3%
come
63.3%
COME
63.3%
stole
61.7%
% Correct
be
61.1%
Leave
60.3%
Leave
60.3%
LEAVE
60.3%
him
59%
What
58.4%
What?
58.4%
Yes,
57.7%
Where
53.7%
free!
53.4%
any
53.1%
Must
53.1%
hobbitses.
52.9%
would
52.5%
did
52%
goes,
50.7%
told
50.6%
of
50.2%
friend.
50.1%
'gollum'
49.8%
'gollum'
49.8%
was
49.4%
without
49.3%
will
48.8%
say?
48.4%
friends.
46.9%
likes
46.8%
Nobody
43.2%
You're
41.3%
I'm
40.5%
thief.
39.7%
after
39.7%
looks
39.1%
saved
38.6%
liar
38.3%
because
37.8%
Master's
37.3%
Gone,
37.3%
gone,
37.3%
gone!
37.3%
Murderer
37%
listening.
36.9%
listening.
36.9%
little
36.8%
hurt
36.7%
anymore.
35.6%
survived
33.8%
tricksy,
32.7%
lie.
31.2%
False.
27.4%
false!
26.6%
Sneaky
18.8%
Wicked,
18.5%
cheat
17.2%

You're not logged in!

Compare scores with friends on all Sporcle quizzes.
Join for Free
OR
Log In

You Might Also Like...

Show Comments

Extras

Top Quizzes Today


Score Distribution

Your Account Isn't Verified!

In order to create a playlist on Sporcle, you need to verify the email address you used during registration. Go to your Sporcle Settings to finish the process.

Report this User

Report this user for behavior that violates our Community Guidelines.

Details: